Sociologías de la situación / (Record no. 17070)

MARC details
000 -LEADER
campo de control de longitud fija 00766nam a2200241 i 4500
001 - NÚMERO DE CONTROL
campo de control 17070
003 - IDENTIFICADOR DE NÚMERO DE CONTROL
campo de control ES-MaACL
005 - FECHA Y HORA DE LA ÚLTIMA TRANSACCIÓN
campo de control 20230906151510.0
007 - CAMPO FIJO DE DESCRIPCIÓN FÍSICA--INFORMACIÓN GENERAL
campo de control de longitud fija t|
008 - DATOS DE LONGITUD FIJA--INFORMACIÓN GENERAL
campo de control de longitud fija 001218s2000 sp ||||1| spa d
020 ## - NÚMERO INTERNACIONAL ESTÁNDAR DEL LIBRO
Número Internacional Estándar del Libro 84-7731-359-8
080 ## - NÚMERO DE LA CLASIFICACIÓN DECIMAL UNIVERSAL
Número de la Clasificación Decimal Universal 303
245 00 - MENCIÓN DEL TÍTULO
Título Sociologías de la situación /
Mención de responsabilidad, etc. Erving Goffman ... [et al.] ; edición, traducción e introducción realizadas por Félix Díaz.
260 ## - PUBLICACIÓN, DISTRIBUCIÓN, ETC.
Lugar de publicación, distribución, etc. Madrid :
Nombre del editor, distribuidor, etc. Endymion,
Fecha de publicación, distribución, etc. [2000]
300 ## - DESCRIPCIÓN FÍSICA
Extensión 171 p. ;
Dimensiones 20 cm.
490 1# - MENCIÓN DE SERIE
Mención de serie Genealogía del poder ;
Designación de volumen o secuencia 32
650 14 - PUNTO DE ACCESO ADICIONAL DE MATERIA--TÉRMINO DE MATERIA
Término de materia o nombre geográfico como elemento de entrada Sociología-
Subdivisión general Metodología.
9 (RLIN) 17201
700 1# - ENTRADA AGREGADA--NOMBRE PERSONAL
Nombre de persona Goffman, Erving.
9 (RLIN) 57590
700 1# - ENTRADA AGREGADA--NOMBRE PERSONAL
Nombre de persona Díaz, Félix.
9 (RLIN) 44120
830 0# - PUNTO DE ACCESO ADICIONAL DE SERIE-TÍTULO UNIFORME
Título uniforme Genealogía del poder ;
Designación de volumen o secuencia 32
9 (RLIN) 179409
852 ## - LOCALIZACIÓN
Ubicación ES-MaACL
Número de control de estantería L-24011
Sublocalización o colección R.129195
Holdings
Estatus retirado Estado de pérdida Estado de daño No para préstamo Biblioteca de origen Biblioteca actual Ubicación en estantería Fecha de adquisición Fuente de adquisición Total de préstamos Signatura topográfica completa Código de barras Visto por última vez Precio de reemplazo Tipo de ítem Koha
        Biblioteca del Ateneo de Madrid Biblioteca del Ateneo de Madrid Depósito 2 17/01/2008     L-24011 1017415 23/02/2023 23/02/2023 Libro impreso